Musical Acts by State - Michigan - Statistics

General Stats
  • This quiz has been taken 97 times
  • The average score is 12 of 30
Answer Stats
City/Town Songs Answer % Correct
Bay City Like A Virgin | Like A Prayer Madonna
100%
Saginaw I Just Called To Say I Love You | Superstition Stevie Wonder
79%
Detroit Seven Nation Army | Fell In Love With A Girl The White Stripes
79%
Detroit Old Time Rock & Roll | Shakedown Bob Seger
67%
Detroit Upside Down | I'm Coming Out Diana Ross
65%
Detroit Ghostbusters | The Other Woman Ray Parker Jr.
65%
Detroit What I Like About You | Talking In Your Sleep The Romantics
49%
Detroit I Took A Pill In Ibiza | Cooler Than Me Mike Posner
48%
Detroit The Tears Of A Clown | I Second That Emotion Smokey Robinson & The Miracles
48%
Flint We're An American Band | Some Kind Of Wonderful Grand Funk Railroad
47%
Romeo All Summer Long | Picture Kid Rock
46%
Detroit I Can't Help Myself (Sugar Pie Honey Bunch) | Reach Out I'll Be There Four Tops
44%
Detroit The Heat Is On | You Belong To The City Glenn Frey
41%
Muskegon The Passenger | Lust For Life Iggy Pop
37%
Ferndale The Rubberband Man | It's A Shame The Spinners
36%
Niles Crimson & Clover | Hanky Panky Tommy James and the Shondells
30%
Grand Rapids Rhythm Of The Night | Who's Holding Donna Now DeBarge
26%
Detroit (Your Love Keeps Lifting Me) Higher And Higher | Reet Petite Jackie Wilson
26%
Flint Oh Sheila | Love You Down Ready for the World
25%
Frankenmuth Highway Tune | Black Smoke Rising Greta Van Fleet
23%
Mount Clemens Follow Me | Drift Away Uncle Kracker
23%
Detroit Can The Can | Stumblin' In Suzi Quatro
22%
Inkster Please Mr. Postman | Playboy The Marvelettes
21%
Detroit My Band | Purple Pills/Hills D12
20%
Grand Rapids Runaway | Little Town Flirt Del Shannon
20%
East Lansing The Freshmen | Colorful The Verve Pipe
19%
Detroit Mystery Of Love | Fourth Of July Sufjan Stevens
17%
Canton Mine | I.F.L.Y. Bazzi
11%
Muskegon Electric Love | American Money Børns
11%
Gladwin Let You Down | The Search NF
10%
No matching quizzes found
Score Distribution
Percent of People with Each Score
Percentile by Number Answered
Your Score History
You have not taken this quiz